| 000 | 00812cam a2200205 4500 | ||
|---|---|---|---|
| 008 | 000000n2000 000 0 eng u | ||
| 035 | _a(Sirsi) u108195 | ||
| 245 | _aNHS risks building'white elephants' | ||
| 260 | _c2000 | ||
| 490 |
_aGuardian _v7 September 2000, 13(1) |
||
| 520 | _aThe King's Fund warns that hospitals being built under the £7bn NHS private finance initiative are unlikely to be able to meet changing health needs. This could leave the NHS with expensive buildings which become outdated within a few years, but for which it still has to pay. | ||
| 590 | _aWB | ||
| 650 | _aPRIVATE FINANCE INITIATIVE | ||
| 650 | _aHOSPITALS | ||
| 650 | _aNATIONAL HEALTH SERVICE | ||
| 650 | _aKING'S FUND | ||
| 650 | _aHEALTH SECTOR | ||
| 690 | _aBUILDING AND CONSTRUCTION-PROJECTS | ||
| 942 | _n0 | ||
| 999 |
_c64626 _d64626 |
||